000 00502nam a2200181 4500
999 _c61454
_d61454
001 479
003 OSt
005 20220905082645.0
007 tu
008 d19561971||| ger
040 _aDE-2950
_cDE-2950
245 0 0 _aAusgrabungen und Funde:
_bNachrichtenblatt für Vor- und Frühgeschichte /
_ci. A. von Wilhelm Unverzagt
264 _aBerlin:
_bAkademie-Verl.,
_c1956 - 1971
365 _cDEM
546 _adeutsch
700 1 _aUnverzagt, Wilhelm
_eAuftraggeber
942 _2z
_cB